| 000 | 01062cam a2200253 a 4500 | ||
|---|---|---|---|
| 020 | _a0471128163 (cloth : acidfree paper) | ||
| 082 | 0 | 0 |
_a624 _bREV _cN, P-25 |
| 245 | 0 | 0 |
_aDesign and operation of civil and environmental engineering systems / _cedited by Charles ReVelle, Arthur E. McGarity. |
| 260 |
_aNew York : _bWiley, _cc1997. |
||
| 300 |
_axvi, 752 p. : _bill., maps ; _c225 cm. |
||
| 500 | _a"A Wiley-Interscience publication." | ||
| 526 |
_a0 _b0 _c0 _d624_000000000000000_REV |
||
| 650 | 0 |
_aCivil engineering _xLinear programming. _942256 |
|
| 650 | 0 |
_aEngineering economy _xLinear programming. _942257 |
|
| 650 | 0 |
_aEnvironmental engineering _xLinear programming. _942258 |
|
| 650 | 0 |
_aNUST _96342 |
|
| 650 | 0 |
_aOperations research. _97262 |
|
| 700 | 1 |
_aMcGarity, Arthur E. _942259 |
|
| 700 | 1 |
_aReVelle, Charles. _942260 |
|
| 856 | 4 | _uhttp://www.loc.gov/catdir/toc/onix02/97000052.html | |
| 856 | 4 | 2 | _uhttp://www.loc.gov/catdir/bios/wiley041/97000052.html |
| 856 | 4 | 2 | _uhttp://www.loc.gov/catdir/description/wiley031/97000052.html |
| 942 |
_2ddc _cBK |
||
| 999 |
_c546177 _d546177 |
||